LDR 01539naa#a2200229#i#450# 001 EN\\bibl\125680 005 20260701161759.3 011 ## _a2782-5957 100 ## _a20260630b2026####ek#y0engy0150####ca 102 ## _aRU 200 1# _aSTRUCTURE OF DIMENSIONAL CONNECTIONS AND ITS IMPACT ON THE GEOMETRIC CONFIGURATION OF THE PART _eJournal article 210 1# _aBryansk _cBryansk State Technical University _d2026 215 ## _a13 с. 608 ## _aJournal article _2local 675 ## _aТеория машиностроения (машиноведение). Механика как теоретическая основа машиностроения. 621.01 _aОбщие конструктивные характеристики. Расположение основных частей (компоновка). 621.9-11 _aВысокопроизводительная обработка. Высокоэнергетическая обработка (формообразование с использованием высоких энергий). Высокоскоростная обработка. Обработка взрывом. 621.9.044 _aИзмерения и контроль в целом. 621.9.08 _z 686 ## _aОбщая технология машиностроения. Обработка металлов. 345 _2bbk 700 #1 _aKolesnikova _gOl'ga Valer'evna 700 #1 _aLelyuhin _gVladimir Egorovich 700 #1 _aDavydov _gAnton Arkadevich 700 #1 _aGorshkov _gAndrey Olegovich 700 #1 _aDabalez _gMohammad 856 4# _abstu.editorum.ru _u